000 01028nas a2200313 4500
001 BR0503882
003 BR-BrBNA
005 20231205105530.0
007 ta
008 230509b bl.|||p| |||| 00| 00por d
040 _aBR-BrBNA
_bpor
_cBiblioteca Nacional de Agricultura
041 _a(Pt)
072 _aL02; U10
100 1 _aNascimento, A.H. do
100 1 _aGomes, P.C.
100 1 _aRostagno, H.S.
100 1 _aAlbino, L.F.T.
100 1 _aDonzele, J.L.
245 1 _aValores de energia metabolizável de farinhas de penas e de víceras determinados com diferentes níveis de inclusão e duas idades das aves
650 _aPINTO DE CORTE
650 _aRAÇÃO BALANCEADA
650 _aFARINHA DE VÍSCERA
650 _aFARINHA DE PENA
650 _aMÉTODO ESTATÍSTICO
650 _aCOMPOSIÇÃO DE ALIMENTO
773 0 _tRevista Brasileira de Zootecnia (Brazil)
_xISSN 1516-3598
_g(May-Jun 2005), v. 34(3) p. 877-881
_wBR0503882
909 _a202311
_bLúcia
_c55
_dLúcia Elande
942 _2AGRIS
_n0
_cANA
999 _c183427
_d183427